01172 a2200229 4500003000500000005001700005010001600022020001500038040000900053082001800062245008600080260008600166300002900252505046000281650003700741650002800778650002400806650003800830650002100868700003200889740002100921Nust20230718103357.0 a 77028623 a0893350478 cNust00a616.89075,GOT04aThe Content analysis of verbal behavior : Further studies /cLouis A. Gottschalk. aNew York :bSP Medical & Scientific Books :bDistributed by Halsted Presscc1979. a977 p. :bill. ;c24 cm. aThe Development of New Content Analysis Scales or Further Validation Studies on Previously Developed Content Analysis Scales (Page-1), Scoring the Content Analysis Scales (Page-237), Neuropsychopharmacological Studies (Page-263), Psychophysiological and Psychosomatic Studies (Page-541), Somatopsychic Studies and Studies of Environmental Effects of Psychological Processes (Page-677), Psychokinetic Studies (Page-713), Papers on Psychotherapy (Page-793). 0aContent analysis (Communication) 0aMentally illxLanguage. 0aPsychopharmacology. 0aVerbal behaviorxCollected works. 0aVerbal behavior.1 aGottschalk, Louis A.d1916-0 aVerbal behavior.